Catálogo

Camino hacia la madurez personal : (Registro nro. 24228)

Detalles MARC
000 -LEADER
fixed length control field 01241cam a2200349 i 4500
001 - CONTROL NUMBER
control field 24228
003 - CONTROL NUMBER IDENTIFIER
control field Mx-PuUPA
005 - DATE AND TIME OF LATEST TRANSACTION
control field 20250619122050.0
008 - FIXED-LENGTH DATA ELEMENTS--GENERAL INFORMATION
fixed length control field 140415s2009 sp gr 000 0 spa d
017 ## - COPYRIGHT OR LEGAL DEPOSIT NUMBER
Copyright or legal deposit number BI-1262/09
020 ## - INTERNATIONAL STANDARD BOOK NUMBER
International Standard Book Number 9788433023209
040 ## - CATALOGING SOURCE
Original cataloging agency Mx-PuUPA
Language of cataloging spa
Transcribing agency Mx-PuUPA
Modifying agency Mx-PuUPA
Description conventions rda
041 0# - LANGUAGE CODE
Language code of text/sound track or separate title spa
100 1# - MAIN ENTRY--PERSONAL NAME
Personal name Almacellas, Ma. Ángeles,
Relator term autor
245 10 - TITLE STATEMENT
Title Camino hacia la madurez personal :
Remainder of title plan de acción tutorial para la educación secundaria obligatoria y bachillerato /
Statement of responsibility, etc. Ma. Ángeles Almacellas
264 #1 - PRODUCTION, PUBLICATION, DISTRIBUTION, MANUFACTURE, AND COPYRIGHT NOTICE
Place of production, publication, distribution, manufacture Bilbao :
Name of producer, publisher, distributor, manufacturer Editorial Desclée de Brouwer,
Date of production, publication, distribution, manufacture, or copyright notice 2009
300 ## - PHYSICAL DESCRIPTION
Extent 230 páginas ;
Dimensions 21 cm.
336 ## - CONTENT TYPE
Fuente rdacontent
Content type term texto
Content type code txt
337 ## - MEDIA TYPE
Source rdamedia
Media type term sin medio
Media type code n
338 ## - CARRIER TYPE
Source rdacarrier
Carrier type term volumen
Carrier type code nc
490 0# - SERIES STATEMENT
Series statement Desclée Aprender a ser
490 0# - SERIES STATEMENT
Series statement Educación en valores
650 #7 - SUBJECT ADDED ENTRY--TOPICAL TERM
Source of heading or term armarc
Topical term or geographic name entry element Educación
General subdivision Secundaría
-- Aspectos psicológicos
650 #7 - SUBJECT ADDED ENTRY--TOPICAL TERM
Source of heading or term armarc
Topical term or geographic name entry element Madurez (Psicología)
650 #7 - SUBJECT ADDED ENTRY--TOPICAL TERM
Source of heading or term armarc
Topical term or geographic name entry element Cambio educativo
650 #7 - SUBJECT ADDED ENTRY--TOPICAL TERM
Source of heading or term armarc
Topical term or geographic name entry element Valores
General subdivision Estudio y enseñanza
650 #7 - SUBJECT ADDED ENTRY--TOPICAL TERM
Source of heading or term armarc
Topical term or geographic name entry element Educación moral
650 #7 - SUBJECT ADDED ENTRY--TOPICAL TERM
Source of heading or term armarc
Topical term or geographic name entry element Desarrollo de la personalidad
942 ## - ADDED ENTRY ELEMENTS (KOHA)
Source of classification or shelving scheme Dewey Decimal Classification
Koha item type Libro
Classification part 370.114
Item part A44
Existencias
Withdrawn status Lost status Source of classification or shelving scheme Damaged status Not for loan Collection code Home library Current library Shelving location Date acquired Total Checkouts Full call number Barcode Date last seen Price effective from Koha item type Copy number
    Dewey Decimal Classification     General Angelópolis Angelópolis Sala general 19/03/2025   370.114 A44 2009 965000000436 19/03/2025 19/03/2025 Libro  
    Dewey Decimal Classification     General Angelópolis Angelópolis Sala general 19/03/2025   370.114 A44 2009 965000000437 19/03/2025 19/03/2025 Libro Ej.2
    Dewey Decimal Classification     General Angelópolis Angelópolis Sala general 19/06/2025   370.114 A44 2009 965000000450 19/06/2025 19/06/2025 Libro Ej.3